000 00712nam a2200169 i 4500
001 163859
003 ES-MaACL
005 20250730063144.0
008 050720s1886 xxk | |||||||| ||eng d
040 _aCAM
_bspa
_cCAM
100 1 _aRogers, James E. Thorold
_q(James Edwin Thorold),
_d1823-1890
_9162683
245 1 0 _aLocal taxation especially in english cities and towns
_b: a speech delivered in the House of Commons , on March ... 1886 /
_cby James E. Thorold Rogers.
260 _aLondon [etc.] :
_bCassell & Company,
_c[s.a.]
300 _a23 p. ;
_c19 cm.
852 _aES-MaACL
_jT-1303-F-6
_z-- Enc. hol., conservando la cub. original
_z-- Enc. en un vol. facticio
999 _c163859
_d163859